000 00864nam a2200253 i 4500
001 bg
245 0 0 _aPodatki, stosunki zewnętrzne, unia celna /
_cUrząd Komitetu Integracji Europejskiej.
260 _aWarszawa :
_bUKIE,
_c2003.
490 1 _aO co pytamy najczęściej ;
_v2
504 _aBibliogr., wykaz aktów prawnych i źródeł internetowych.
610 2 9 _aUnia Europejska
_xa Polska
_xpolityka
650 9 _aPodatki
_xUnia Europejska
650 9 _aCło
_xUnia Europejska
651 9 _aPolska
_xa Unia Europejska
_xpolityka
710 0 _aUrząd Komitetu Integracji Europejskiej
830 _aO co pytamy najczęściej ;
020 _a8389218739 (całość)
040 _cBPK
041 0 _apol
080 _a327:336.22/.24](438:4-67)"1989/..."
920 _a83-89218-73-9 (całość)
942 _cKS
008 s pl f |000 0 pol
999 _c43852
_d43852
856 _uhttp://koha.tu.koszalin.pl/cgi-bin/koha/opac-detail.pl?biblionumber=43852
_yKatalog online BPK